Aperturas y cierres para la inclusión educativa de niños/as migrantes en Chile (Record no. 196014)
[ view plain ]
| 000 -CABECERA | |
|---|---|
| campo de control de longitud fija | 01920nab a2200277 a 4500 |
| 005 - FECHA Y HORA DE LA ÚLTIMA TRANSACCIÓN | |
| campo de control | 20260217062531.0 |
| 008 - ELEMENTOS DE LONGITUD FIJA--INFORMACIÓN GENERAL | |
| campo de control de longitud fija | 991125c2017 cl ar p o 000 0 spa d |
| 035 ## - NÚMERO DE CONTROL DEL SISTEMA | |
| Número de control de sistema | UPN01000223917 |
| 040 ## - FUENTE DE LA CATALOGACIÓN | |
| Centro catalogador/agencia de origen | UPN |
| Lengua de catalogación | spa |
| Centro/agencia transcriptor | UPN |
| Normas de descripción | aacr2 |
| 049 ## - COLECCIÓN | |
| Colección | ART-E |
| 100 1# - ASIENTO PRINCIPAL--NOMBRE PERSONAL | |
| Nombre de persona | Poblete Melis, Rolando |
| Enlace | - rpobletem@ucentral.cl |
| 100 1# - ASIENTO PRINCIPAL--NOMBRE PERSONAL | |
| Nombre de persona | Galaz Valderrama, Caterine |
| 245 10 - MENCIÓN DE TÍTULO | |
| Título | Aperturas y cierres para la inclusión educativa de niños/as migrantes en Chile |
| Medio | [recurso electrónico en línea] |
| 506 0# - NOTA DE RESTRICCIONES AL ACCESO | |
| Limitaciones de acceso | Acceso abierto |
| 520 3# - NOTA DE RESUMEN, ETC. | |
| Sumario, etc. | El aumento de población extranjera demandando servicios educativos en Chile ha requerido abordar aspectos políticos (decretos y normativas) que permitan su acceso al sistema educacional; pero también las escuelas han debido generar estrategias para avanzar hacia la inclusión. La investigación que da origen a este artículo tuvo como objetivo conocer, a través de una metodología cualitativa, las trayectorias de inclusión educativa de niños y niñas migrantes en cuatro escuelas y un liceo de la ciudad de Santiago, identificando los factores que favorecen y dificultan el proceso de inclusión, a nivel del acceso al sistema educativo y en las relaciones que se dan en su interior. Entre los principales resultados aparecen los problemas derivados de la condición de irregularidad migratoria, lo que afecta el acceso a los beneficios del sistema educacional, además de tensiones en las relaciones entre estudiantes chilenos y extranjeros que pueden dar pie a situaciones de bullying. |
| 650 #4 - ASIENTO SECUNDARIO DE MATERIA - TERMINO TEMATICO | |
| Término de materia o nombre geográfico como elemento de entrada | Derecho a la educación |
| 9 (RLIN) | 22625 |
| 650 #4 - ASIENTO SECUNDARIO DE MATERIA - TERMINO TEMATICO | |
| Término de materia o nombre geográfico como elemento de entrada | Discriminación |
| 9 (RLIN) | 21028 |
| 653 0# - TERMINO DE INDIZACION - NO CONTROLADO | |
| Término no controlado | Niños |
| 653 0# - TERMINO DE INDIZACION - NO CONTROLADO | |
| Término no controlado | Migración |
| 653 0# - TERMINO DE INDIZACION - NO CONTROLADO | |
| Término no controlado | Inclusión educativa |
| 773 ## - ENLACE AL DOCUMENTO FUENTE/ENTRADA DE REGISTRO ANFITRIÓN | |
| Parte(s) relacionada(s) | Vol. 43, no. 3 (2017), p. 239-257 |
| Título | Estudios pedagógicos |
| Número Internacional Normalizado para Publicaciones Seriadas | 0718-0705 |
| 856 4# - LOCALIZACIÓN Y ACCESO ELECTRÓNICOS | |
| Identificador Uniforme del Recurso | <a href="http://revistas.uach.cl/pdf/estped/v43n3/art14.pdf">http://revistas.uach.cl/pdf/estped/v43n3/art14.pdf</a> |
| 902 ## - ELEMENTOS DE DATOS B LOCAL, LDB (RLIN) | |
| Creó | Gloria Jiménez/0224 |
| 905 ## - TIPO DE MATERIAL | |
| Tipo de material | Articulo |
| 942 ## - ELEMENTOS DE PUNTO DE ACCESO ADICIONAL (KOHA) | |
| Tipo de ítem Koha | Artículo Electrónico |
| Estado de retiro | Estado de pérdida | Estado dañado | No para préstamo | Código de colección | Localización permanente | Ubicación/localización actual | Ubicación en estantería | Fecha de adquisición | Total de préstamos | Fecha visto por última vez | Identificador Uniforme del Recurso | Precio válido a partir de | Tipo de ítem Koha |
|---|---|---|---|---|---|---|---|---|---|---|---|---|---|
| Acceso abierto | Bib. Gregorio Torres Quintero | Bib. Gregorio Torres Quintero | En línea | 31/01/2024 | 31/01/2024 | http://revistas.uach.cl/pdf/estped/v43n3/art14.pdf | 31/01/2024 | Artículo Electrónico |
